Ekologická klasifikácia vodného režimu pôdy pod dubovým porastom

Podrobná bibliografia
Hlavní autori: Tužinský, Ladislav (Author), Soroková, Magdaléna (Author), Tužinský, Erik (Author)
Médium: Článok
Jazyk:Slovak
Témy:
ISBN: 8022812528
Zdroj: 1. Acta facultatis forestalis Zvolen Slovakia. Ročník XLV - 2003 1. Zvolen : Technická univerzita, 2003 1. S. 69-86 1. 8022812528 1. 0231-5785
LEADER 01105naa#a2200373#ar4500
001 000089331
003 SVKKK
005 20080516110713.0
008 080514s2003 xo #|0||||||||0|||b|slo
FMT
015 |a SNBRA2008/05 
038 |a SVKKK 
040 |a SVKKK  |b slo  |e AACR2 
041 0 |a slo  |b slo  |b eng 
044 |a xo  |c SK 
080 |a 582.632.2  |2 1997 
080 |a 631.423.2  |2 1997 
090 |a IV.200808 
100 1 |a Tužinský, Ladislav  |4 aut 
245 1 0 |a Ekologická klasifikácia vodného režimu pôdy pod dubovým porastom  |c Ladislav Tužinský, Magdaléna Soroková, Erik Tužinský 
300 |b Obr., tab. 
504 |a Bibliogr. odkazy 
546 |a Res. angl., slov. 
650 0 4 |a dubové porasty  |x vlhkosť pôdy  |x klasifikácia 
700 1 |a Soroková, Magdaléna  |4 aut 
700 1 |a Tužinský, Erik  |4 aut 
773 0 |t Acta facultatis forestalis Zvolen Slovakia. Ročník XLV - 2003  |d Zvolen : Technická univerzita, 2003  |g S. 69-86  |z 8022812528  |x 0231-5785 
958 |a NB 
974 |a Čr 
992 |a RZB 
BAS
852 |a SVKKK  |b BIB 
EXP
998 |a SLO